000
00353nam a22001217a 4500
040
_c
SY
082
_a
887
100
_a
ហ្សី វេសេ
245
_a
ចំណេះវិជ្ជា ជាមូលដ្ឋានក្នុងការជួសជុលរថយន្ត
260
_a
RUA
_b
ហ្សី
_c
NA
300
_a
91p.
942
_c
KB
999
_c
9312
_d
9312